Belgique : villes de plus de 100 000 habitants - Statistiques

Statistiques générales
  • Ce quiz a été pris 72 fois
  • Le résultat moyen est 7 sur 10
Statistiques - réponses
Classement Population Province Nom de la commune % Correct
1 529 000 Anvers Anvers
99%
5 186 000 Bruxelles-Capitale Bruxelles
97%
4 196 000 Liège Liège
97%
8 118 000 Flandre-Occidentale Bruges
85%
9 111 000 Namur Namur
82%
3 201 000 Hainaut Charleroi
78%
2 263 000 Flandre-Orientale Gand
68%
7 121 000 Bruxelles-Capitale Anderlecht
57%
10 101 000 Brabant Flamand Louvain
44%
6 131 000 Bruxelles-Capitale Schaerbeek
38%
Aucun quiz correspondant
Distribution des résultats
% des personnes avec chaque résultat
Percentile par nombre de réponses
Votre historique - résultats
Vous n’avez pas pris ce quiz